Sports Quiz

Random Sports or NFL Quiz

NFL Super Bowl Losing QBs Quiz Stats

 Plays Quiz Updated Nov 2, 2021

     
Support Sporcle.
Go Orange.
Score 0/55 Timer 07:00
32 Plays Today
Year Quarterback % Correct
XLVITom Brady
97.7%
XLIITom Brady
97.7%
XLIVPeyton Manning
97.7%
LIITom Brady
97.5%
XLVIIIPeyton Manning
96.7%
LVPatrick Mahomes
95.1%
XLIXRussell Wilson
93.4%
XXXVIKurt Warner
92.8%
XLIII Kurt Warner
92.8%
50Cam Newton
92.6%
LIMatt Ryan
91.6%
XXXIXDonovan McNabb
88.6%
XXXIIBrett Favre
88.6%
XXIJohn Elway
87.5%
XXIIJohn Elway
87.5%
XXIVJohn Elway
87.5%
LIIIJared Goff
85.2%
XLVIIColin Kaepernick
83.8%
XLMatt Hasselbeck
82.3%
XXVJim Kelly
80.5%
XXVIJim Kelly
80.5%
XXVIIJim Kelly
80.5%
XXVIIIJim Kelly
80.5%
XIXDan Marino
78.9%
XXXIVSteve McNair
76.2%
XXXIDrew Bledsoe
75.8%
XLIRex Grossman
74.3%
XXXVIIIJake Delhomme
74.3%
Year Quarterback % Correct
LIVJimmy Garoppolo
72%
XXXVIIRich Gannon
71%
XRoger Staubach
65.6%
XIIIRoger Staubach
65.6%
XXXVKerry Collins
61.8%
VIIIFran Tarkenton
59.8%
IVFran Tarkenton
59.8%
XIFran Tarkenton
59.8%
XXIIIBoomer Esiason
59.3%
XLVBen Roethlisberger
53.6%
VIBob Griese
51.8%
ILen Dawson
48.1%
XVRon Jaworski
44.4%
XVIIIJoe Theismann
43.9%
XXXIIIChris Chandler
41.7%
XXXNeil O'Donnell
40.8%
XVIKen Anderson
38.3%
XXTony Eason
29.9%
XXIXStan Humphries
28.9%
VCraig Morton
24%
XIICraig Morton
24%
IIIEarl Morrall
23.4%
IIDaryle Lamonica
21.9%
XIVVince Ferragamo
17.2%
IVJoe Kapp
16.6%
VIIBilly Kilmer
15.8%
XVIIDavid Woodley
15.2%

From the Vault

Seven Letter Music A-Z

by Flick

Music 4m
You'd have trouble writing a song using only 7 letters, but that's all you need for a good quiz.
Remove Ads.
Support Sporcle.
Get the best of Sporcle when you Go Orange. This ad-free experience offers more features, more stats, and more fun while also helping to support Sporcle. Thank you for becoming a member.

Show Comments

Extras

Top Quizzes Today


Score Distribution

Your Account Isn't Verified!

In order to create a playlist on Sporcle, you need to verify the email address you used during registration. Go to your Sporcle Settings to finish the process.

Report this User

Report this user for behavior that violates our Community Guidelines.

Details: